000 00475cam a2200193ua 4500
001 10751
008 190401n ii |||gr||||Z||||||asm
020 _a9788186385319
040 _cMAIN
041 _aasm
082 _a891.4513
100 _aMohim Bora,
_eAuthor.,
245 _aMohim Borar galpa
_ced. by Tridib Goswami
250 _a1st ed.
260 _aGuwahati:
_bAssam publishing company,
_c2016.
300 _a256p.
653 _aAssamese short story
942 _cBK
999 _c9717
_d9717